<?xml version="1.0" encoding="UTF-8"?>
<record
    xmlns:xsi="http://www.w3.org/2001/XMLSchema-instance"
    xsi:schemaLocation="http://www.loc.gov/MARC21/slim http://www.loc.gov/standards/marcxml/schema/MARC21slim.xsd"
    xmlns="http://www.loc.gov/MARC21/slim">

  <leader>00350nam a22001577a 4500</leader>
  <controlfield tag="003">OSt</controlfield>
  <controlfield tag="005">20231226042034.0</controlfield>
  <controlfield tag="008">191025b        xxu||||| |||| 00| 0 eng d</controlfield>
  <datafield tag="020" ind1=" " ind2=" ">
    <subfield code="a">9789332558540</subfield>
  </datafield>
  <datafield tag="040" ind1=" " ind2=" ">
    <subfield code="c">IIMT UNIVERSITY</subfield>
  </datafield>
  <datafield tag="100" ind1=" " ind2=" ">
    <subfield code="a">GUPTA L M</subfield>
  </datafield>
  <datafield tag="245" ind1=" " ind2=" ">
    <subfield code="a">SOCIOLOGY</subfield>
  </datafield>
  <datafield tag="260" ind1=" " ind2=" ">
    <subfield code="a">DELHI</subfield>
    <subfield code="b">KIRTI PUB</subfield>
    <subfield code="c">2019</subfield>
  </datafield>
  <datafield tag="300" ind1=" " ind2=" ">
    <subfield code="a">256</subfield>
  </datafield>
  <datafield tag="942" ind1=" " ind2=" ">
    <subfield code="2">ddc</subfield>
    <subfield code="c">02</subfield>
  </datafield>
  <datafield tag="999" ind1=" " ind2=" ">
    <subfield code="c">49258</subfield>
    <subfield code="d">49258</subfield>
  </datafield>
  <datafield tag="952" ind1=" " ind2=" ">
    <subfield code="0">0</subfield>
    <subfield code="1">0</subfield>
    <subfield code="2">ddc</subfield>
    <subfield code="4">0</subfield>
    <subfield code="7">0</subfield>
    <subfield code="a">01</subfield>
    <subfield code="b">01</subfield>
    <subfield code="d">2019-10-25</subfield>
    <subfield code="e">KIRTI PRAKASHAN</subfield>
    <subfield code="g">325.00</subfield>
    <subfield code="i">IN5225</subfield>
    <subfield code="l">1</subfield>
    <subfield code="p">01-B-129765</subfield>
    <subfield code="q">2021-08-15</subfield>
    <subfield code="r">2021-03-01</subfield>
    <subfield code="s">2021-03-01</subfield>
    <subfield code="u">SOCIALOGY</subfield>
    <subfield code="w">2019-10-25</subfield>
    <subfield code="y">02</subfield>
  </datafield>
  <datafield tag="952" ind1=" " ind2=" ">
    <subfield code="0">0</subfield>
    <subfield code="1">0</subfield>
    <subfield code="2">ddc</subfield>
    <subfield code="4">0</subfield>
    <subfield code="7">0</subfield>
    <subfield code="a">01</subfield>
    <subfield code="b">01</subfield>
    <subfield code="d">2019-10-25</subfield>
    <subfield code="e">KIRTI PRAKASHAN</subfield>
    <subfield code="g">325.00</subfield>
    <subfield code="i">IN5225</subfield>
    <subfield code="l">3</subfield>
    <subfield code="p">01-B-129766</subfield>
    <subfield code="q">2022-08-31</subfield>
    <subfield code="r">2021-09-13</subfield>
    <subfield code="s">2021-09-13</subfield>
    <subfield code="u">SOCIALOGY</subfield>
    <subfield code="w">2019-10-25</subfield>
    <subfield code="y">02</subfield>
  </datafield>
  <datafield tag="952" ind1=" " ind2=" ">
    <subfield code="0">0</subfield>
    <subfield code="1">0</subfield>
    <subfield code="2">ddc</subfield>
    <subfield code="4">0</subfield>
    <subfield code="7">0</subfield>
    <subfield code="a">01</subfield>
    <subfield code="b">01</subfield>
    <subfield code="d">2019-10-25</subfield>
    <subfield code="e">KIRTI PRAKASHAN</subfield>
    <subfield code="g">325.00</subfield>
    <subfield code="i">IN5225</subfield>
    <subfield code="l">3</subfield>
    <subfield code="p">01-B-129767</subfield>
    <subfield code="r">2024-10-28</subfield>
    <subfield code="s">2024-10-28</subfield>
    <subfield code="u">SOCIALOGY</subfield>
    <subfield code="w">2019-10-25</subfield>
    <subfield code="y">02</subfield>
  </datafield>
  <datafield tag="952" ind1=" " ind2=" ">
    <subfield code="0">0</subfield>
    <subfield code="1">0</subfield>
    <subfield code="2">ddc</subfield>
    <subfield code="4">0</subfield>
    <subfield code="7">0</subfield>
    <subfield code="a">01</subfield>
    <subfield code="b">01</subfield>
    <subfield code="d">2019-10-25</subfield>
    <subfield code="e">KIRTI PRAKASHAN</subfield>
    <subfield code="g">325.00</subfield>
    <subfield code="i">IN5225</subfield>
    <subfield code="l">4</subfield>
    <subfield code="p">01-B-129768</subfield>
    <subfield code="r">2024-10-28</subfield>
    <subfield code="s">2024-10-28</subfield>
    <subfield code="u">SOCIALOGY</subfield>
    <subfield code="w">2019-10-25</subfield>
    <subfield code="y">02</subfield>
  </datafield>
</record>
